Management accounting: (Record no. 101872)

MARC details
000 -LEADER
fixed length control field 01052nam a22002657a 4500
005 - DATE AND TIME OF LATEST TRANSACTION
control field 20170428112522.0
010 ## - LCCN (DPL NO)
LC control number 1617EN ENG-116880
020 ## - INTERNATIONAL STANDARD BOOK NUMBER
International Standard Book Number 9788126556373
Terms of availability 599.00
035 ## - SYSTEM CONTROL NUMBER
System control number 1617EN
035 ## - SYSTEM CONTROL NUMBER
System control number B-653974-979
035 ## - SYSTEM CONTROL NUMBER
System control number B-669745
035 ## - SYSTEM CONTROL NUMBER
System control number EN-100412
037 ## - SOURCE OF ACQUISITION
Source of stock number/acquisition ABC
037 ## - SOURCE OF ACQUISITION
Source of stock number/acquisition DBAD/PUB
082 ## - DEWEY DECIMAL CLASSIFICATION NUMBER
Classification number 658.1511
100 ## - MAIN ENTRY--PERSONAL NAME
Personal name Kanhaiya Singh
245 ## - TITLE STATEMENT
Title Management accounting:
Statement of responsibility, etc by Kanhaiya Singh
Remainder of title concepts and strategic costing decisions /
260 ## - PUBLICATION, DISTRIBUTION, ETC. (IMPRINT)
Date of publication, distribution, etc 2015
Place of publication, distribution, etc New Delhi
Name of publisher, distributor, etc John Wiley
270 ## - ADDRESS
Address 4435-36/7, Ansari Road,Daryaganj
City New Delhi
Postal code 110002
300 ## - PHYSICAL DESCRIPTION
Dimensions 24cm(pbk)
Extent xii,684p
Other physical details ill.
500 ## - GENERAL NOTE
General note includes index
942 ## - ADDED ENTRY ELEMENTS (KOHA)
Item type English Books
Source of classification or shelving scheme Dewey Decimal Classification
Classification part 658.1511
Call number suffix KAN
Holdings
Withdrawn status Lost status Not for loan Collection code Home library Current library Date acquired Source of acquisition Cost, normal purchase price Full call number Barcode Copy number Cost, replacement price Koha item type
      Non-fiction Ashok Vihar Ashok Vihar 28/04/2017 BPPD/EN/2016-17/AV/16-17/452/15.2.2017/5068/7.3.2017/ 24.3.2017 599.00 658.1511 KAN B-669745 1 599.00 English Books
    Not For Loan Non-fiction D.B.Act.Division Bawana 21/12/2016 DBAD/PUB 599.00 658.1511 KAN EN-100412 1 599.00 English Books
      Non-fiction Central Library Central Library 08/02/2017 BPPD/EN/2016-17/286/24.11.2016/4995/03.12.16/04.01.2017 599.00 658.1511 KAN B-653974 1 599.00 English Books
      Non-fiction Janak Puri Janak Puri 08/02/2017 BPPD/EN/2016-17/286/24.11.2016/4995/03.12.16/04.01.2017 599.00 658.1511 KAN B-653977 1 599.00 English Books
      Non-fiction Kasturba Gandhi Marg Kasturba Gandhi Marg 08/02/2017 BPPD/EN/2016-17/286/24.11.2016/4995/03.12.16/04.01.2017 599.00 658.1511 KAN B-653976 1 599.00 English Books
      Non-fiction Patel Nagar Patel Nagar 08/02/2017 BPPD/EN/2016-17/286/24.11.2016/4995/03.12.16/04.01.2017 599.00 658.1511 KAN B-653975 1 599.00 English Books
      Non-fiction Sarojini Nagar Sarojini Nagar 08/02/2017 BPPD/EN/2016-17/286/24.11.2016/4995/03.12.16/04.01.2017 599.00 658.1511 KAN B-653978 1 599.00 English Books
      Non-fiction Shahdara Branch Shahdara Branch 08/02/2017 BPPD/EN/2016-17/286/24.11.2016/4995/03.12.16/04.01.2017 599.00 658.1511 KAN B-653979 1 599.00 English Books

© Delhi Public Library
Hit Counter
free hit counter